000 00264pam a2200121 a 4500
020 _c
041 _aeng
100 _aJano.W.R.
245 _aMicherales In Industry
_hTextual Documents
260 _aNew York
_bPenguin Books Ltd
300 _a144p.
930 _a15251
999 _c92151
_d92151